000 00702cab a2200241 4500
001 ABS44180
008 090401t1991 xxu||||| |||| 00| 0 eng d
035 _a(Sirsi) u45677
041 _aeng
100 _aMacnair, H.S.A.
245 2 _aA not so iron handshake?
260 _c1991
350 _a0
490 _aTaxation
_v126(3290) 21 February 1991, 542-544(3)
520 _aHighlights the capital gains tax advantages where land is compulsorily purchased by public bodies.
650 _aCAPITAL GAINS TAX ACT 1979
650 _aCompulsory purchase
_96228
650 _aLEASEHOLD REFORM ACT 1967
650 _aROLL OVER RELIEF
690 _aTAXATION
942 _n0
948 _c04/03/1997
999 _c28914
_d28914